000 00819nam a2200241 i 4500
001 bg
100 1 _aFrączyk, Adam.
245 1 0 _aTechnologia metali i tworzyw sztucznych.
_nCz. 2,
_pTechnologia obróbki plastycznej na zimno.
_nCz. 3,
_pTworzywa sztuczne : ćwiczenia laboratoryjne /
_cAdam Frączyk, Piotr Mazur.
260 _aOlsztyn :
_bWydawnictwo Uniwersytetu Warmińsko-Mazurskiego,
_c2002.
300 _a98 s. :
_bil. ;
_c24 cm.
650 9 _aMetale
_xobróbka plastyczna
650 9 _aTworzywa sztuczne
655 _aĆwiczenia i zadania dla szkół wyższych
700 1 _aMazur, Piotr.
020 _a838834319X
040 _cBPK
041 _apol
044 _aPOL
080 _a621.73/77:678.5](075.8)(076)
920 _a83-88343-19-X
942 _cKS
008 090626s2008 pl |000 p pol
999 _c56347
_d56347
856 _uhttp://koha.tu.koszalin.pl/cgi-bin/koha/opac-detail.pl?biblionumber=56347
_yKatalog online BPK